Revista Universitaria : (Record no. 21749)

000 -CABECERA
fixed length control field 01816nam a22003377a 4500
003 - IDENTIFICADOR DEL NÚMERO DE CONTROL
control field AR-CdUCM
008 - DATOS DE LONGITUD FIJA--INFORMACIÓN GENERAL
fixed length control field 190425b ||||| |||| 00| 0 spa d
040 ## - FUENTE DE LA CATALOGACIÓN
Agencia/entidad que catalogó originalmente la obra MUNICIPALIDAD PROVINCIAL DEL CUSCO
Entidad que transcribió la catalogación BIBLIOTECA MUNICIPAL DEL CUSCO
082 ## - NÚMERO DE LA CLASIFICACIÓN DECIMAL DEWEY
No. de Clasificación Rev.Univ/N°95/1948
Notacion interna Rev.Univ/N°95/1948
110 ## - ENTRADA PRINCIPAL--NOMBRE DE ENTIDAD CORPORATIVA
Nombre de la institución, jurisdicción como entrada principal Universidad Nacional de San Antonio Abad del Cusco
9 (RLIN) 15942
245 ## - MENCIÓN DE TÍTULO
Título Revista Universitaria :
Resto del título Órgano de la Universidad del Cuzco /
260 ## - PUBLICACIÓN, DISTRIBUCIÓN, ETC.
Lugar de publicación, distribución, etc. Cusco :
Nombre de la editorial, distribuidor, etc. H.G. Rozas,
Fecha de publicación, distribución, etc. 1948.
300 ## - DESCRIPCIÓN FÍSICA
Nº de Páginas Extensión 293 páginas. :
Dimensiones 20 cm.
440 ## - MENCIÓN DE SERIE/PUNTO DE ACCESO ADICIONAL--TÍTULO
Título Revista Universitaria
Número de la parte/sección de una obra Año XXXVII, 2° semestre 1948, N°95.
9 (RLIN) 45954
505 ## - NOTA DE CONTENIDO CON FORMATO
Nota de contenido formateada Contenido: La novela indigenista. Alfredo Yépez Miranda. -- La propiedad colectiva del Ayllu. Félix Cosío. -- Las comunidades indígenas, la explotación del trabajo de los indios. Jorge Cornejo Bouroncle. -- Alimentación del indio peruano. Jorge Koun Cabello. -- Significado de lo indio en la historia. Antonio Astete Abril. -- La superstición y las supersticiones. Efraín Morote Best. -- Lo mestizo y el indigenismo. Andrés Guillen Tamayo. -- Nueva organización de la comunidad indígena. Germán Bedregal. -- Por el termino del colonialismo en América.
650 ## - PUNTO DE ACCESO ADICIONAL DE MATERIA--TÉRMINO DE MATERIA
Descriptor Indigenismo
9 (RLIN) 208
650 ## - PUNTO DE ACCESO ADICIONAL DE MATERIA--TÉRMINO DE MATERIA
Descriptor Ayllu
9 (RLIN) 42028
650 ## - PUNTO DE ACCESO ADICIONAL DE MATERIA--TÉRMINO DE MATERIA
Descriptor Alimentación
9 (RLIN) 19429
650 ## - PUNTO DE ACCESO ADICIONAL DE MATERIA--TÉRMINO DE MATERIA
Descriptor Comunidades indígenas
9 (RLIN) 3290
700 ## - PUNTO DE ACCESO ADICIONAL--NOMBRE DE PERSONA
Nombre Personal Yépez Miranda, Alfredo
9 (RLIN) 4230
700 ## - PUNTO DE ACCESO ADICIONAL--NOMBRE DE PERSONA
Nombre Personal Cosío, Félix
9 (RLIN) 45955
700 ## - PUNTO DE ACCESO ADICIONAL--NOMBRE DE PERSONA
Nombre Personal Cornejo Bouroncle, Jorge
9 (RLIN) 15278
700 ## - PUNTO DE ACCESO ADICIONAL--NOMBRE DE PERSONA
Nombre Personal Morote Best, Efraín
9 (RLIN) 45956
700 ## - PUNTO DE ACCESO ADICIONAL--NOMBRE DE PERSONA
Nombre Personal Astete Abril, Antonio
9 (RLIN) 45957
700 ## - PUNTO DE ACCESO ADICIONAL--NOMBRE DE PERSONA
Nombre Personal Guillen Tamayo, Andrés
9 (RLIN) 45958
700 ## - PUNTO DE ACCESO ADICIONAL--NOMBRE DE PERSONA
Nombre Personal Bedregal, Germán
9 (RLIN) 45959
710 ## - PUNTO DE ACCESO ADICIONAL--NOMBRE DE ENTIDAD CORPORATIVA
Nombre corporativo (En letras Mayúsculas) Universidad Nacional de San Antonio Abad del Cusco
9 (RLIN) 15942
942 ## - ELEMENTOS DE PUNTO DE ACCESO ADICIONAL (KOHA)
Fuente de clasificación
Tipo de item Revistas cusqueñas
945 ## - PROCESAMIENTO DE INFORMACIÓN LOCAL (OCLC)
Catalogador rac
Holdings
Estado de retiro (separado) Fuente de clasificación o esquema de estanterías Estado dañado Ubicación Sala donde se ubica Nombre de la colección Fecha de adquisición o compra Costo, precio normal en soles Signatura topográfica Código de Barras Última vez visto (Koha) Tipo de ítem (Koha)
No     Sala Hemeroteca Sala Hemeroteca Book Cart 2021-05-03 10.00 Rev.Univ/N°95/1948 REVC000126 2021-05-03 Revistas cusqueñas
No     Sala Hemeroteca Sala Hemeroteca Book Cart 2021-05-03 10.00 Rev.Univ/N°95/1948/e.2 REVC000127 2021-05-03 Revistas cusqueñas

Powered by Koha